00697nam a2200181Ia 4500003000900000008004100009020001800050040001600068080001700084100003200101245012800133260003700261300001000298650005100308942000700359999001700366952013200383IN-BaIIA211028s9999 xx 000 0 eng d a1-59102-188-x cIIA Library a52(092)bTYS aTyson, Neil DeGrasse929709 4aThe sky is not the limitbadventures of an urban astrophysicistcNeil DeGrasse Tyson  aNew YorkbPrometheus Booksc2004 a302p. aAstrophysicist-United States- Biography929862 cBK c16139d16139 00104070aBANbHOScGENd2006-03-17eSH g800.46l0o52(092)/ TYSp17061r2021-11-05v800.46w2006-03-17yBKGRs. 800.46